Tous les présidents de la France - Statistiques

Statistiques générales
  • Ce quiz a été pris 182 fois
  • Le résultat moyen est 15 sur 25
Statistiques - réponses
Date Présidents Appartenance Politique % Correct
2017 Emmanuel Macron Renaissance
99%
2012-2017 François Hollande Parti Socialiste
98%
1959-1969 Charles De Gaulle Union des Démocrates pour la Cinquième République
94%
2007-2012 Nicolas Sarkozy Union Pour un Mouvement Populaire
94%
1995-2007 Jacques Chirac Union Pour un Mouvement Populaire
93%
1974-1981 Valéry Giscard d'Estaing Union pour la Démocratie Française
88%
1969-1974 Georges Pompidou Union des Démocrates pour la République
84%
1981-1995 François Mitterand Parti Socialiste
83%
1871-1873 Louis Napoléon Bonaparte Bonapartiste
80%
1954-1959 René Coty Centre National des Indépendants et Paysans
54%
1871-1873 Adolphe Thiers Orléaniste
51%
1895-1899 Felix Faure Republicain Modéré
51%
1887-1894 Sadi Carnot Republicain Modéré
50%
1873-1879 Patrice de Mac Mahon Légitimiste
48%
1931-1932 Paul Doumer Indépandant
44%
1920 Paul Deschanel Alliance Républicaine Démocratique
40%
1913-1920 Raymond Poincaré Alliance Républicaine Démocratique
40%
1924-1931 Gaston Doumergue Parti Radical
37%
1940-1954 Vincent Auriol Parti Socialiste - Section Française de l'Internationale Ouvrière
37%
1879-1887 Jules Grévy Republicain Modéré
35%
1932-1940 Albert Lebrun Alliance Démocratique
34%
1920-1924 Alexandre Millerand Indépendant
34%
1894-1895 Jean Casimir Perier Republicain Modéré
32%
1899-1906 Emile Loubet Alliance Républicaine Démocratique
29%
1906-1913 Armand Fallières Alliance Républicaine Démocratique
27%
Aucun quiz correspondant
Distribution des résultats
% des personnes avec chaque résultat
Percentile par nombre de réponses
Votre historique - résultats
Vous n’avez pas pris ce quiz